Statistics for Mustelid Species

Click here to take the quiz!

General Stats

  • This quiz has been taken 73 times
  • The average score is 24 of 66

Answer Stats

FamilySubfamilyGenusSpeciesCommon name% Correct
MustelidaeGuloninaeGuloguloWolverine
94%
MustelidaeMelinaeMelesmelesEuropean badger
91%
MustelidaeTaxidiinaeTaxideataxusAmerican badger
88%
MustelidaeMellivorinaeMellivoracapensisHoney badger
85%
MustelidaeLutrinaePteronurabrasiliensisGiant otter
76%
MustelidaeMustelinaeMustelaermineaStoat
76%
MustelidaeGuloninaeMartesamericanaAmerican marten
73%
MustelidaeLutrinaeEnhydralutrisSea otter
73%
MustelidaeMustelinaeMustelafuroFerret
70%
MustelidaeGuloninaeMartesmartesEuropean pine marten
64%
MustelidaeMustelinaeMustelanigripesBlack-footed ferret
61%
MustelidaeLutrinaeLutralutraEurasian otter
58%
MustelidaeMustelinaeNeogalevisonAmerican mink
55%
MustelidaeMustelinaeMustelaputoriusEuropean polecat
55%
MustelidaeLutrinaeAonyxcinereaAsian small-clawed otter
52%
MustelidaeMustelinaeMustelalutreolaEuropean mink
52%
MustelidaeGuloninaePekaniapennantiFisher
52%
MustelidaeMustelinaeMustelanivalisLeast weasel
52%
MustelidaeGuloninaeMarteszibellinaSable
48%
MustelidaeLutrinaeLontracanadensisNorth American river otter
45%
MustelidaeMelinaeMelesleucurusAsian badger
42%
MustelidaeMelinaeMelesanakumaJapanese badger
42%
MustelidaeGuloninaeEirabarbaraTayra
42%
MustelidaeGuloninaeMartesfoinaBeech marten
36%
MustelidaeMustelinaeMustelasibiricaSiberian weasel
36%
MustelidaeGuloninaeMartesflavigulaYellow-throated marten
36%
MustelidaeMustelinaeNeogalefrenataLong-tailed weasel
33%
MustelidaeIctonychinaeGalictisvittataGreater grison
30%
MustelidaeIctonychinaeGalictiscujaLesser grison
30%
MustelidaeIctonychinaeVormelaperegusnaMarbled polecat
30%
MustelidaeIctonychinaeIctonyxstriatusStriped polecat
30%
MustelidaeHelictidinaeMelogalemoschataChinese ferret-badger
27%
MustelidaeLutrinaeLontrafelinaMarine otter
27%
MustelidaeLutrinaeAonyxcapensisAfrican clawless otter
24%
MustelidaeGuloninaeMartesmelampusJapanese marten
24%
MustelidaeMustelinaeMustelaitatsiJapanese weasel
24%
MustelidaeHelictidinaeMelogaleorientalisJavan ferret-badger
24%
MustelidaeGuloninaeMartescaurinaPacific marten
24%
MustelidaeIctonychinaeLyncodonpatagonicusPatagonian weasel
24%
MustelidaeHelictidinaeMelogalecucphuongensisVietnam ferret-badger
24%
MustelidaeMustelinaeMustelarichardsoniiAmerican ermine
21%
MustelidaeHelictidinaeMelogaleeverettiBornean ferret-badger
21%
MustelidaeMelinaeMelescanescensCaucasian badger
21%
MustelidaeLutrinaeAonyxcongicusCongo clawless otter
21%
MustelidaeLutrinaeLontralongicaudisNeotropical otter
21%
MustelidaeGuloninaeMartesgwatkinsiiNilgiri marten
21%
MustelidaeHelictidinaeMelogalepersonataBurmese ferret-badger
18%
MustelidaeHelictidinaeMelogalesubaurantiacaFormosan ferret-badger
18%
MustelidaeMelinaeArctonyxcollarisGreater hog badger
18%
MustelidaeMustelinaeMustelahaidarumHaida ermine
18%
MustelidaeLutrinaeLutrasumatranaHairy-nosed otter
18%
MustelidaeMustelinaeMustelaaltaicaMountain weasel
18%
MustelidaeLutrinaeLutrogaleperspicillataSmooth-coated otter
18%
MustelidaeLutrinaeLontraprovocaxSouthern river otter
18%
MustelidaeMustelinaeMustelakathiahYellow-bellied weasel
18%
MustelidaeMustelinaeNeogaleafricanaAmazon weasel
15%
MustelidaeMelinaeArctonyxalbogularisNorthern hog badger
15%
MustelidaeIctonychinaeIctonyxlibycusSaharan striped polecat
15%
MustelidaeLutrinaeHydrictismaculicollisSpotted-necked otter
15%
MustelidaeMustelinaeMustelaeversmanniiSteppe polecat
15%
MustelidaeMelinaeArctonyxhoeveniiSumatran hog badger
15%
MustelidaeIctonychinaePoecilogalealbinuchaAfrican striped weasel
12%
MustelidaeMustelinaeMustelastrigidorsaBack-striped weasel
12%
MustelidaeMustelinaeNeogalefelipeiColombian weasel
12%
MustelidaeMustelinaeMustelalutreolinaIndonesian mountain weasel
12%
MustelidaeMustelinaeMustelanudipesMalayan weasel
12%

Score Distribution

Percentile by Number Answered

Percent of People with Each Score

Your Score History

You have not taken this quiz